Loading...
| Beliefs | 2 | 4 | 0 | 1 | 70 | 60 | 105.00 | 1 | 6 |
| History - World History | 0 | 4 | 0 | 2 | 40 | 107 | 121.25 | 0 | 4 |
| Literature - British Literature | 2 | 1 | 0 | 0 | 40 | 61 | 92.00 | 3 | 3 |
| History - European History | 0 | 2 | 0 | 1 | 20 | 86 | 110.50 | 0 | 2 |
| Literature - European Literature | 0 | 2 | 0 | 0 | 20 | 100 | 113.00 | 0 | 2 |
| Philosophy | 0 | 2 | 0 | 0 | 20 | 90 | 108.00 | 0 | 2 |
| Social Science | 0 | 1 | 0 | 0 | 10 | 93 | 93.00 | 0 | 1 |
| Fine Arts - Visual Fine Arts | 0 | 1 | 0 | 1 | 10 | 138 | 138.00 | 1 | 1 |
| Geography | 0 | 1 | 0 | 0 | 10 | 114 | 114.00 | 0 | 1 |
| History - American History | 0 | 1 | 0 | 0 | 10 | 80 | 80.00 | 1 | 1 |
| Other Arts: Auditory | 0 | 1 | 0 | 0 | 10 | 128 | 128.00 | 0 | 1 |
| Other Arts: Visual | 0 | 1 | 0 | 0 | 10 | 114 | 114.00 | 0 | 1 |
| Ancient History and Archaeology | 0 | 1 | 0 | 0 | 10 | 98 | 98.00 | 1 | 1 |
| Fine Arts - Auditory Fine Arts | 0 | 0 | 1 | 0 | -5 | 0.00 | 0 | 0 |